| 000 | 00339nam a2200109Ia 4500 | ||
|---|---|---|---|
| 008 | 171204s9999 xx 000 0 und d | ||
| 245 | _aCss Secrets: Better Solutions To Everyday Web Design Problems: | ||
| 245 | _cLea Verou | ||
| 260 | _c2015 | ||
| 650 | _xWeb Design | ||
| 856 | _uhttp://down.ebook777.com/001/CSS%20Secrets%20avxhome.se.pdf | ||
| 999 |
_c345983 _d345983 |
||